000 00830nam a2200265Ia 4500
003 OSt
005 20220927110348.0
006 a|||||r|||| 00| 0
007 ta
008 220926b |||||||| |||| 00| 0 eng d
024 _a53975
037 _cReports
040 _aRTL
_cRTL
_beng
041 _2eng
_aeng
082 _a"X:991p1, N66, K7"
110 _aConference on Manpower Tomorrow: Prospects and Priorities(1966)
_9376669
245 0 _aReport Ed by Lrving H Siegel
260 _aNew
_bYork A M Kelley U S A
_c1967
300 _a"viii, 219p."
_ccm.
490 _aW E Upjohn Institute for Employment Research
650 _aLabour Market
_9351281
700 _aConference on Manpower Tomorrow: Prospects and Priorities(1966)
_9376670
942 _h"X:991p1, N66, K7"
_cCC
999 _c695810
_d695810